00434 2200169 4500001002100000008004100021035002000062245004000082100001200122260004200134300002300176020002200199084001400221082000800235650001000243990001100253INLIS000000000001208 Ind  a0010-0226001208 aKisah murid paling bahagiacAchi TM aTM Achi aJakarta :bEmir Cakrawala Islamc2017 a109 hlm.c20,5 cm. a978-602-0935-71-3 aFIC ACH k aFIC aFiksi aP/3785